[Event "Stjernesommer langsjakk NGP 2018"]
[Site "SK Stjernen, Grünerløkka, Oslo"]
[Date "2018.06.09"]
[Round "3"]
[White "Støre, Trond"]
[Black "Grindbakken, Erik"]
[Result "1-0"]
[WhiteElo "2051"]
[BlackElo "1636"]
[PlyCount "71"]
[EventDate "2018.??.??"]

1. Nf3 c5 2. e4 Nc6 3. d4 cxd4 4. Nxd4 e5 5. Nb5 d6 6. c4 a6 7. N5c3 h6 8. Nd5
Nf6 9. Nbc3 Nxd5 10. Nxd5 Ne7 11. Nc3 Nc6 12. Be3 Be6 13. Be2 Be7 14. O-O O-O
15. Nd5 Bxd5 16. cxd5 Nb8 17. Qb3 b5 18. a4 bxa4 19. Rxa4 Nd7 20. Rxa6 Rxa6 21.
Bxa6 Qa5 22. Qb5 Qxb5 23. Bxb5 Nf6 24. Bd3 Rb8 25. Rb1 Bd8 26. b4 Bb6 27. Bxb6
Rxb6 28. Kf1 Nd7 29. Ke2 Kf8 30. Kd2 Ke8 31. Kc3 Kd8 32. Ra1 Rb8 33. Ra7 g5 34.
Ba6 Nf6 35. Bb7 h5 36. Bc6
1-0

[Event "Stjernesommer langsjakk NGP 2018"]
[Site "SK Stjernen, Grünerløkka, Oslo"]
[Date "2018.06.09"]
[Round "4"]
[White "Tryggestad, Andreas G"]
[Black "Al-Tarbosh, Ward"]
[Result "0-1"]
[WhiteElo "2243"]
[BlackElo "2332"]
[PlyCount "146"]
[EventDate "2018.??.??"]

1. d4 d5 2. c4 c6 3. Nf3 Nf6 4. Nc3 dxc4 5. a4 Bf5 6. Ne5 Nbd7 7. Nxc4 Nb6 8.
Ne5 a5 9. g3 e6 10. Bg2 Bb4 11. O-O O-O 12. e3 Qe7 13. Qb3 c5 14. Na2 cxd4 15.
Nxb4 Qxb4 16. Qxb4 axb4 17. Bxb7 Rxa4 18. Rxa4 Nxa4 19. exd4 h6 20. Bc6 Nb6 21.
b3 Rd8 22. Bd2 Nbd5 23. Bxd5 Nxd5 24. Nc6 Rc8 25. Nxb4 Nxb4 26. Bxb4 Rb8 27.
Bd6 Rxb3 28. Kg2 h5 29. h3 g5 30. Re1 Rd3 31. Bc5 g4 32. h4 Rd2 33. Kg1 Bc2 34.
Kf1 Bd3+ 35. Kg1 Be2 36. Bb4 Rc2 37. Bd6 Kh7 38. Bf4 Kg6 39. Rc1 Rb2 40. Kg2
Kf5 41. Be3 Ke4 42. Re1 Kd3 43. Kg1 Bf3 44. Kf1 Be2+ 45. Kg1 Ra2 46. Kg2 Bf3+
47. Kf1 Bd5 48. Kg1 Ke4 49. Kg2 f5 50. Kg1 Bc4 51. Kg2 Bb3 52. Rb1 Bd5 53. Re1
Bc4 54. Rc1 Ba6 55. Rb1 Re2 56. Rc1 Bb7 57. Rc3 Re1 58. Rc1 Re2 59. Rc3 Ra2 60.
Rc1 Kd3+ 61. Kf1 Bf3 62. Re1 Be2+ 63. Kg2 Ke4 64. Rc1 Bf3+ 65. Kg1 Re2 66. Kf1
Rb2 67. Re1 Kd3 68. Kg1 Be4 69. Kf1 Bd5 70. Rd1+ Ke4 71. Re1 Kf3 72. Rc1 f4 73.
gxf4 g3
0-1

[Event "Stjernesommer langsjakk NGP 2018"]
[Site "SK Stjernen, Grünerløkka, Oslo"]
[Date "2018.06.09"]
[Round "4"]
[White "Hobber, Anders"]
[Black "Fossan, Aleksander"]
[Result "1-0"]
[WhiteElo "2327"]
[BlackElo "2139"]
[PlyCount "41"]
[EventDate "2018.??.??"]

1. d4 Nf6 2. Bf4 g6 3. Nc3 d5 4. e3 Bg7 5. h4 c5 6. Nb5 Na6 7. c3 Bd7 8. a4 O-O
9. Nf3 Qa5 10. Ne5 Be8 11. dxc5 Qd8 12. b4 Nd7 13. Nf3 Rc8 14. Rc1 e5 15. Bg3
b6 16. Nd6 bxc5 17. Bxa6 Rb8 18. Nxe8 Qxe8 19. Qxd5 cxb4 20. Bb5 Nb6 21. Qb3
1-0

[Event "Stjernesommer langsjakk NGP 2018"]
[Site "SK Stjernen, Grünerløkka, Oslo"]
[Date "2018.06.09"]
[Round "4"]
[White "Kvisla, Johannes Luangtep"]
[Black "Lindbøl, Aleksander"]
[Result "0-1"]
[WhiteElo "2261"]
[BlackElo "2182"]
[PlyCount "120"]
[EventDate "2018.??.??"]

1. d4 Nf6 2. c4 e6 3. Nf3 b6 4. g3 Ba6 5. b3 Bb4+ 6. Bd2 Be7 7. Bg2 c6 8. Bc3
d5 9. Nbd2 Bb7 10. O-O Nbd7 11. Qc2 O-O 12. e4 dxe4 13. Nxe4 c5 14. Nxf6+ Bxf6
15. Ng5 Bxg5 16. Bxb7 Rb8 17. Bg2 cxd4 18. Bxd4 Bf6 19. Qb2 Bxd4 20. Qxd4 Nf6
21. Rfd1 Qxd4 22. Rxd4 Rfd8 23. Rad1 Rxd4 24. Rxd4 Kf8 25. h3 Rc8 26. f4 Ke7
27. Rd2 Rd8 28. Rc2 a5 29. Kf2 Rd1 30. g4 Nd7 31. Bf3 Ra1 32. Rd2 Nc5 33. g5
Rc1 34. Kg2 Rc3 35. Be2 Ne4 36. Rb2 Rg3+ 37. Kh2 e5 38. fxe5 Rxg5 39. b4 Rxe5
40. c5 bxc5 41. bxa5 Nd6 42. Rc2 c4 43. Bxc4 Nxc4 44. Rxc4 Rxa5 45. a4 h5 46.
h4 f6 47. Kg3 Kf7 48. Rb4 g5 49. hxg5 fxg5 50. Kh3 Kg6 51. Kg3 Rc5 52. Rb3 h4+
53. Kf3 Kf5 54. Ra3 g4+ 55. Kg2 Rc2+ 56. Kf1 h3 57. Kg1 Kf4 58. a5 h2+ 59. Kh1
g3 60. Ra1 Kg4
0-1

[Event "Stjernesommer langsjakk NGP 2018"]
[Site "SK Stjernen, Grünerløkka, Oslo"]
[Date "2018.06.09"]
[Round "4"]
[White "Abdrlauf, Elham"]
[Black "Khoo-Thwe, Louis"]
[Result "1-0"]
[WhiteElo "2165"]
[BlackElo "1659"]
[PlyCount "57"]
[EventDate "2018.??.??"]

1. e4 e5 2. Bc4 Nf6 3. d3 Bc5 4. Nc3 d6 5. Nf3 O-O 6. O-O c6 7. a3 Nbd7 8. Na4
b5 9. Nxc5 Nxc5 10. Ba2 Bg4 11. Be3 Na4 12. Rb1 d5 13. exd5 cxd5 14. Bg5 d4 15.
Re1 Re8 16. h3 Bh5 17. g4 Bg6 18. Nxe5 Qd6 19. Qf3 Rac8 20. Bf4 Qb6 21. Nxg6
hxg6 22. Be5 Re7 23. Bxf6 Rxe1+ 24. Rxe1 gxf6 25. Re7 Rf8 26. Qd5 Nxb2 27. Rxf7
Rd8 28. Rd7+ Kh8 29. Qf7
1-0

[Event "Stjernesommer langsjakk NGP 2018"]
[Site "SK Stjernen, Grünerløkka, Oslo"]
[Date "2018.06.09"]
[Round "4"]
[White "Kittilsen, Sigurd"]
[Black "Sjøberg, Isak"]
[Result "1/2-1/2"]
[WhiteElo "1889"]
[BlackElo "2075"]
[PlyCount "99"]
[EventDate "2018.??.??"]

1. e4 e5 2. Nf3 Nc6 3. d4 exd4 4. Nxd4 Bc5 5. Nxc6 Qf6 6. Qf3 bxc6 7. Nc3 a5 8.
Bd3 Bd4 9. Qxf6 Nxf6 10. O-O O-O 11. Re1 Rb8 12. Bd2 Rxb2 13. Ne2 Bc5 14. Bxa5
Ng4 15. Rf1 Ne5 16. Rfe1 Nxd3 17. cxd3 Ba6 18. Rad1 Rxa2 19. Bxc7 Ra8 20. Bg3
Bb4 21. Nc1 Rc2 22. Re2 Rxe2 23. Nxe2 Bxd3 24. Nc1 Bc2 25. Rxd7 h6 26. h3 Ra1
27. Bf4 Ba3 28. Ra7 Bxc1 29. Rxa1 Bxf4 30. Ra8+ Kh7 31. f3 c5 32. Kf2 Bd3 33.
Rc8 c4 34. g3 Bd2 35. Rd8 c3 36. Rxd3 c2 37. Rxd2 c1=Q 38. Rd5 Qh1 39. g4 Qxh3
40. Rh5 Qxh5 41. gxh5 g6 42. Kg3 gxh5 43. Kh4 Kg6 44. f4 f6 45. e5 fxe5 46.
fxe5 Kf5 47. e6 Kf6 48. e7 Kxe7 49. Kxh5 Kf7 50. Kxh6
1/2-1/2

[Event "Stjernesommer langsjakk NGP 2018"]
[Site "SK Stjernen, Grünerløkka, Oslo"]
[Date "2018.06.09"]
[Round "4"]
[White "Nilsen, Tobias Lang"]
[Black "Huse, Sigurd Kjelsbøl"]
[Result "1/2-1/2"]
[WhiteElo "2052"]
[BlackElo "2029"]
[PlyCount "66"]
[EventDate "2018.??.??"]

1. e4 e5 2. Nf3 Nf6 3. Nc3 Nc6 4. Bb5 Bb4 5. O-O O-O 6. d3 Bxc3 7. bxc3 d6 8.
Re1 Ne7 9. d4 c6 10. Bc4 Ng6 11. dxe5 dxe5 12. Ba3 Qxd1 13. Raxd1 Re8 14. Ng5
Nh8 15. h3 h6 16. Nf3 Ng6 17. Nd2 Nf4 18. Bb3 b6 19. Nc4 Ba6 20. Nd6 Rf8 21.
Bc4 Bxc4 22. Nxc4 Rfe8 23. Bd6 Ng6 24. g3 Rad8 25. f3 Rd7 26. Rd2 h5 27. h4 c5
28. Red1 Kh7 29. a4 Kg8 30. Ne3 Red8 31. Nc4 Re8 32. Rb1 Red8 33. Rbd1 Re8
1/2-1/2

[Event "Stjernesommer langsjakk NGP 2018"]
[Site "SK Stjernen, Grünerløkka, Oslo"]
[Date "2018.06.09"]
[Round "4"]
[White "Ingebretsen, Jens E"]
[Black "Egeland, Finn"]
[Result "0-1"]
[WhiteElo "1999"]
[BlackElo "2047"]
[PlyCount "56"]
[EventDate "2018.??.??"]

1. e4 e5 2. Nf3 Nc6 3. Bc4 Bc5 4. c3 Nf6 5. d4 exd4 6. e5 d5 7. Bb5 Ne4 8. cxd4
Bb6 9. Nc3 O-O 10. Be3 Bg4 11. h3 Bxf3 12. gxf3 Nxc3 13. bxc3 f6 14. f4 fxe5
15. fxe5 Qe7 16. Qg4 Nxe5 17. dxe5 Qxe5 18. Kd2 c5 19. Rae1 Ba5 20. Bd4 Qxd4+
21. Qxd4 cxd4 22. Re7 Rxf2+ 23. Kd3 Bxc3 24. Rd1 Raf8 25. Re8 Rxe8 26. Bxe8
Rxa2 27. Bd7 Kf7 28. Bc8 Rb2
0-1

[Event "Stjernesommer langsjakk NGP 2018"]
[Site "SK Stjernen, Grünerløkka, Oslo"]
[Date "2018.06.09"]
[Round "4"]
[White "Grøver, Sigurd Loe"]
[Black "Sidali, Elias Hulleberg"]
[Result "1/2-1/2"]
[WhiteElo "2034"]
[BlackElo "2011"]
[PlyCount "83"]
[EventDate "2018.??.??"]

1. c4 Nf6 2. Nc3 g6 3. e4 Bg7 4. d4 O-O 5. h3 d6 6. Be3 e5 7. d5 c5 8. g4 Na6
9. Nge2 Nc7 10. Ng3 a6 11. Qd2 Re8 12. f3 h5 13. Bg5 h4 14. Bxh4 b5 15. cxb5
Nxb5 16. Nxb5 axb5 17. Bxb5 Rf8 18. Bg5 Qb6 19. Bc4 Ba6 20. Bxa6 Rxa6 21. Be3
Rfa8 22. a3 Rb8 23. b4 Qb5 24. bxc5 dxc5 25. Kf2 c4 26. Qc2 Qb3 27. Rhc1 Rxa3
28. Rxa3 Qxa3 29. Qxc4 Rb3 30. Nf1 Kh7 31. Rc2 Rb1 32. Ra2 Rxf1+ 33. Kxf1 Qxe3
34. Qe2 Qc1+ 35. Kg2 Bh6 36. Qb2 Qc4 37. Ra7 Nxe4 38. Rxf7+ Kg8 39. Rd7 Nd2 40.
Rd8+ Kh7 41. Rd7+ Kg8 42. Rd8+
1/2-1/2

[Event "Stjernesommer langsjakk NGP 2018"]
[Site "SK Stjernen, Grünerløkka, Oslo"]
[Date "2018.06.09"]
[Round "4"]
[White "Melaa, Sondre Lillestøl"]
[Black "Schouten, Mathias Lind"]
[Result "1-0"]
[WhiteElo "2011"]
[BlackElo "1752"]
[PlyCount "41"]
[EventDate "2018.??.??"]

1. d4 c5 2. d5 Nf6 3. Bf4 d6 4. Nc3 g6 5. e4 Bd7 6. a4 Qa5 7. Bd2 Qc7 8. Bc4
Bg7 9. f4 O-O 10. Nf3 Ne8 11. O-O e5 12. dxe6 fxe6 13. Ng5 Qc8 14. f5 Nc7 15.
fxe6 Nxe6 16. Rxf8+ Bxf8 17. Qg4 Bh6 18. Nxe6 Bxd2 19. Rf1 Bh6 20. Qh3 Bg7 21.
Nf8+
1-0

[Event "Stjernesommer langsjakk NGP 2018"]
[Site "SK Stjernen, Grünerløkka, Oslo"]
[Date "2018.06.09"]
[Round "4"]
[White "Unneland, Mathias"]
[Black "Støre, Trond"]
[Result "0-1"]
[WhiteElo "1946"]
[BlackElo "2051"]
[PlyCount "82"]
[EventDate "2018.??.??"]

1. d4 Nf6 2. c4 g6 3. Nc3 d5 4. Bf4 Bg7 5. Nf3 c6 6. e3 O-O 7. Bd3 Be6 8. Qb3
dxc4 9. Qxb7 cxd3 10. Qxa8 Qb6 11. Na4 Qa5+ 12. Nc3 Qa6 13. Bxb8 Nd7 14. Qxa7
Nxb8 15. Qxa6 Nxa6 16. Kd2 Rb8 17. Rab1 c5 18. b3 Rd8 19. Nb5 Bd7 20. Nc3 Bg4
21. Ne5 cxd4 22. exd4 Bh6+ 23. Kxd3 Bf5+ 24. Kc4 Rc8+ 25. Kb5 Nc7+ 26. Kb4 Bd2
27. Nc6 Nd5+ 28. Kc5 Nxc3 29. Rb2 Ne4+ 30. Kb6 Bg5 31. a4 Nc3 32. Ne5 Nxa4+ 33.
bxa4 Rb8+ 34. Kc7 Rxb2 35. Ra1 Rxf2 36. a5 Bf4 37. a6 Be4 38. a7 Bxg2 39. Ra5
Bxe5+ 40. Rxe5 Ra2 41. Kb8 e6
0-1

[Event "Stjernesommer langsjakk NGP 2018"]
[Site "SK Stjernen, Grünerløkka, Oslo"]
[Date "2018.06.09"]
[Round "4"]
[White "Tenold, Andreas"]
[Black "Rolstad, Morten"]
[Result "0-1"]
[WhiteElo "1937"]
[BlackElo "1791"]
[PlyCount "48"]
[EventDate "2018.??.??"]

1. e4 c5 2. Nf3 g6 3. d4 cxd4 4. Qxd4 Nf6 5. Nc3 Nc6 6. Qa4 d6 7. e5 dxe5 8.
Nxe5 Bg7 9. Bb5 O-O 10. Nxc6 bxc6 11. Bxc6 Bd7 12. O-O Rc8 13. Bxd7 Qxd7 14.
Qh4 Qf5 15. Re1 Qxc2 16. Re2 Qd3 17. Re1 Rfd8 18. Be3 Qa6 19. Rad1 Qb7 20.
Rxd8+ Rxd8 21. b3 Qc6 22. Na4 Qc2 23. Bxa7 Rd1 24. Qb4 Qe2
0-1

[Event "Stjernesommer langsjakk NGP 2018"]
[Site "SK Stjernen, Grünerløkka, Oslo"]
[Date "2018.06.09"]
[Round "4"]
[White "Skaslien, Ingrid"]
[Black "Vangen, David Luangtep"]
[Result "1-0"]
[WhiteElo "1871"]
[BlackElo "1630"]
[PlyCount "59"]
[EventDate "2018.??.??"]

1. d4 Nf6 2. c4 g6 3. Nc3 Bg7 4. Nf3 d6 5. e4 O-O 6. Be2 c5 7. O-O cxd4 8. Nxd4
Nc6 9. Be3 Qc7 10. Rc1 b6 11. Nd5 Qd7 12. Nxc6 Nxd5 13. cxd5 Bxb2 14. Rc2 Bg7
15. Bd4 e5 16. Bb2 Bb7 17. Qd2 f5 18. exf5 Rxf5 19. Bg4 Raf8 20. Bxf5 Rxf5 21.
Rfc1 Rh5 22. Qd3 Bh6 23. Re1 Bf4 24. h3 Kg7 25. Bc1 Qf7 26. Bxf4 Qxf4 27. Qe4
Qf6 28. Re3 Bc8 29. Qf3 Rf5 30. Qe2
1-0

[Event "Stjernesommer langsjakk NGP 2018"]
[Site "SK Stjernen, Grünerløkka, Oslo"]
[Date "2018.06.09"]
[Round "4"]
[White "Kreken, Eivind Grunt"]
[Black "Midtstue, Lasse"]
[Result "0-1"]
[WhiteElo "1553"]
[BlackElo "1772"]
[PlyCount "44"]
[EventDate "2018.??.??"]

1. e4 d6 2. d4 Nf6 3. Nc3 g6 4. Bf4 Bg7 5. Qd2 a6 6. Nf3 Bg4 7. O-O-O b5 8. Qe3
b4 9. Ne2 a5 10. h3 Be6 11. d5 Bd7 12. e5 dxe5 13. Nxe5 a4 14. Bh6 O-O 15. Bxg7
Kxg7 16. g3 Bb5 17. Bg2 Bxe2 18. Qxe2 Ra5 19. Qc4 Qd6 20. Ng4 Rc5 21. Qxb4
Rxc2+ 22. Kxc2 Qxb4
0-1

[Event "Stjernesommer langsjakk NGP 2018"]
[Site "SK Stjernen, Grünerløkka, Oslo"]
[Date "2018.06.09"]
[Round "4"]
[White "Yousef, Dani Rabie"]
[Black "Bernstein, Jonas August"]
[Result "1-0"]
[WhiteElo "1683"]
[BlackElo "1651"]
[PlyCount "89"]
[EventDate "2018.??.??"]

1. e4 c6 2. d4 d5 3. Nc3 dxe4 4. Nxe4 Bf5 5. Ng3 Bg6 6. h4 h6 7. Nf3 Nd7 8. h5
Bh7 9. Bd3 Bxd3 10. Qxd3 e6 11. Bf4 Qa5+ 12. Bd2 Bb4 13. O-O Bxd2 14. Qxd2 Qxd2
15. Nxd2 Ngf6 16. Rfd1 O-O 17. Nde4 Rfd8 18. c4 Nxe4 19. Nxe4 Nf6 20. Nxf6+
gxf6 21. Rd3 Rd7 22. Rad1 Rad8 23. g4 Kf8 24. Kf1 Ke7 25. Ke2 Rg8 26. Rg3 Rg5
27. f4 Rg8 28. Rdd3 Rd6 29. Ke3 Rgd8 30. Ke4 f5+ 31. gxf5 exf5+ 32. Ke5 Rf6 33.
d5 Rfd6 34. Kxf5 cxd5 35. Rge3+ Kf8 36. cxd5 Rxd5+ 37. Rxd5 Rxd5+ 38. Re5 Rxe5+
39. Kxe5 Ke7 40. Kf5 b6 41. a4 a6 42. b4 Kf8 43. Kf6 Kg8 44. Ke7 Kg7 45. f5 
1-0

[Event "Stjernesommer langsjakk NGP 2018"]
[Site "SK Stjernen, Grünerløkka, Oslo"]
[Date "2018.06.10"]
[Round "5"]
[White "Al-Tarbosh, Ward"]
[Black "Hobber, Anders"]
[Result "1/2-1/2"]
[WhiteElo "2332"]
[BlackElo "2327"]
[PlyCount "91"]
[EventDate "2018.??.??"]

1. e4 e6 2. d4 d5 3. exd5 exd5 4. Bd3 Nf6 5. Bg5 Be7 6. Ne2 O-O 7. Nd2 Re8 8.
f3 c5 9. dxc5 Bxc5 10. Nb3 Bb6 11. Qd2 h6 12. Bh4 Be3 13. Qc3 d4 14. Qb4 Nc6
15. Qa3 Ne5 16. Nc5 Qb6 17. Bf2 Bxf2+ 18. Kxf2 Nd5 19. Qa4 Nxd3+ 20. Nxd3 Bf5
21. Qb3 Bxd3 22. cxd3 Qg6 23. g3 Qg5 24. Rhe1 Rad8 25. Rad1 Qh5 26. h4 Qf5 27.
Nxd4 Qh3 28. Rh1 Qd7 29. Nc2 Re6 30. d4 Rd6 31. Qa3 Qf5 32. Rd2 Qf6 33. Qe3 Ra6
34. Qd3 Rxa2 35. Na3 Qb6 36. Rb1 Qb4 37. Nc2 Qb6 38. Na3 Qb4 39. Re2 Nf6 40.
Nc2 Qb6 41. b4 Qc7 42. Qb3 Ra6 43. Rbe1 Rc6 44. Ne3 Rc3 45. Qb2 Qb6 46. Nf5
1/2-1/2

[Event "Stjernesommer langsjakk NGP 2018"]
[Site "SK Stjernen, Grünerløkka, Oslo"]
[Date "2018.06.10"]
[Round "5"]
[White "Støre, Trond"]
[Black "Kvisla, Johannes Luangtep"]
[Result "1-0"]
[WhiteElo "2051"]
[BlackElo "2261"]
[PlyCount "67"]
[EventDate "2018.??.??"]

1. Nf3 d5 2. d4 Nf6 3. c4 e6 4. Nc3 a6 5. cxd5 exd5 6. Bg5 Be6 7. e3 Nbd7 8.
Rc1 h6 9. Bh4 Bd6 10. Bd3 O-O 11. O-O c6 12. Bg3 Bxg3 13. hxg3 Bg4 14. Qb3 Rb8
15. Qb4 Re8 16. a4 a5 17. Qa3 Ne4 18. Bxe4 dxe4 19. Nd2 Nf6 20. b4 Qe7 21. Rb1
axb4 22. Qxb4 Qe6 23. a5 Ra8 24. Rfc1 Qf5 25. Qxb7 Qh5 26. a6 Be2 27. Nxe2 Qxe2
28. Nc4 Qa2 29. Ra1 Qe2 30. a7 Qh5 31. Ne5 Rxe5 32. Qxa8+ Kh7 33. dxe5 Ng4 34.
Qc8 
1-0

[Event "Stjernesommer langsjakk NGP 2018"]
[Site "SK Stjernen, Grünerløkka, Oslo"]
[Date "2018.06.10"]
[Round "5"]
[White "Lindbøl, Aleksander"]
[Black "Tryggestad, Andreas G"]
[Result "0-1"]
[WhiteElo "2182"]
[BlackElo "2243"]
[PlyCount "72"]
[EventDate "2018.??.??"]

1. c4 Nf6 2. Nc3 g6 3. g3 Bg7 4. Bg2 O-O 5. d4 Nc6 6. e4 d6 7. Nge2 e5 8. d5
Ne7 9. f3 a5 10. Be3 b6 11. O-O Nd7 12. a3 Ba6 13. b3 f5 14. Qd3 h5 15. b4 Kh7
16. Rac1 Bh6 17. f4 Nf6 18. h3 h4 19. fxe5 Bxc4 20. Qd2 Bxe3+ 21. Qxe3 dxe5 22.
exf5 Nxf5 23. Qg5 axb4 24. axb4 Ng8 25. Qg4 b5 26. Ne4 Ngh6 27. Qf3 Nd4 28.
Nxd4 Rxf3 29. Nxf3 Bxf1 30. Rxf1 Qe7 31. Nxh4 Rf8 32. Rc1 Nf5 33. Nf3 Nd4 34.
Nxd4 exd4 35. Rc6 d3 36. Re6 Qxb4 
0-1

[Event "Stjernesommer langsjakk NGP 2018"]
[Site "SK Stjernen, Grünerløkka, Oslo"]
[Date "2018.06.10"]
[Round "5"]
[White "Abdrlauf, Elham"]
[Black "Skaslien, Ingrid"]
[Result "0-1"]
[WhiteElo "2165"]
[BlackElo "1871"]
[PlyCount "154"]
[EventDate "2018.??.??"]

1. Nf3 c5 2. c4 Nf6 3. b3 e6 4. Bb2 Nc6 5. e3 b6 6. d4 cxd4 7. exd4 d5 8. Nbd2
Be7 9. cxd5 Qxd5 10. Bc4 Qd6 11. O-O O-O 12. a4 Bb7 13. Re1 Qf4 14. Qe2 Bb4 15.
g3 Qh6 16. Red1 Rfd8 17. Ba6 Bxa6 18. Qxa6 Ne7 19. Nc4 Qh5 20. Nce5 Nfd5 21.
Qe2 Bc3 22. Rd3 Bxb2 23. Qxb2 f6 24. Nc4 Nb4 25. Re3 Ned5 26. Qe2 Nxe3 27. Nxe3
Rac8 28. Ng2 Rd6 29. Nf4 Qf5 30. Nh4 Qc2 31. Qg4 Qe4 32. Rd1 Nd5 33. Nhg2 Nxf4
34. Nxf4 Rcd8 35. Qh5 e5 36. Ng2 Rxd4 37. Re1 Qg4 38. Qxg4 Rxg4 39. f4 exf4 40.
Nxf4 Rg5 41. Re7 Re5 42. Rxa7 Rd2 43. Kf1 Rc5 44. Ra8+ Kf7 45. Ra7+ Ke8 46. Ke1
Rxh2 47. Kd1 g5 48. Ne6 Rd5+ 49. Kc1 Re5 50. Nc7+ Kd8 51. Kd1 Re7 52. Nb5 Rxa7
53. Nxa7 Kd7 54. Nb5 Kc6 55. Nd4+ Kc5 56. Nc2 Rg2 57. g4 Rxg4 58. b4+ Kd6 59.
a5 bxa5 60. bxa5 Ra4 61. Ne3 Ke5 62. Ke2 Ke4 63. Ng4 Ra2+ 64. Ke1 f5 65. Nf6+
Ke3 66. Nd5+ Kf3 67. Ne7 Rxa5 68. Nc6 Ra2 69. Nd4+ Ke4 70. Nb5 Ke3 71. Kf1 g4
72. Nc3 Rd2 73. Nb5 f4 74. Na3 Rd1+ 75. Kg2 f3+ 76. Kh2 f2 77. Nc4+ Ke2 
0-1

[Event "Stjernesommer langsjakk NGP 2018"]
[Site "SK Stjernen, Grünerløkka, Oslo"]
[Date "2018.06.10"]
[Round "5"]
[White "Fossan, Aleksander"]
[Black "Grøver, Sigurd Loe"]
[Result "1-0"]
[WhiteElo "2139"]
[BlackElo "2034"]
[PlyCount "169"]
[EventDate "2018.??.??"]

1. c4 f5 2. g3 Nf6 3. Bg2 d6 4. Nc3 e5 5. d3 Be7 6. e4 O-O 7. Nge2 Qe8 8. O-O
Qh5 9. exf5 Bxf5 10. Nd5 Nc6 11. Nec3 Qxd1 12. Rxd1 Nxd5 13. Nxd5 Bd8 14. Be3
Bg4 15. Re1 a5 16. b3 Kh8 17. a3 Ne7 18. Nc3 Nf5 19. b4 Nxe3 20. fxe3 axb4 21.
axb4 Rxa1 22. Rxa1 Bg5 23. Re1 Ra8 24. h3 Bf5 25. Bxb7 Ra3 26. Be4 Bxh3 27. Nb5
Rb3 28. Nxc7 Rxb4 29. Nb5 Be7 30. Ra1 g6 31. Ra7 Bg5 32. Ra8+ Kg7 33. Nxd6
Bxe3+ 34. Kh2 Bf1 35. Ra1 Rb2+ 36. Kh1 Be2 37. Ne8+ Kf7 38. Nc7 Bf2 39. g4 Bxg4
40. Rf1 Bh3 41. Bg2 Bf5 42. Be4 Bxe4+ 43. dxe4 Ke7 44. Nd5+ Kd6 45. Kg2 Bd4+
46. Kh3 Rf2 47. Rb1 Kc5 48. Rb7 Rf1 49. Rc7+ Kd6 50. Rc8 h5 51. Rd8+ Ke6 52.
Re8+ Kf7 53. Re7+ Kf8 54. Re6 Kg7 55. c5 Bxc5 56. Rxe5 Rh1+ 57. Kg2 Rg1+ 58.
Kf3 g5 59. Nf4 Rf1+ 60. Kg2 Rf2+ 61. Kh3 Rf3+ 62. Kg2 Rf2+ 63. Kh3 Kf6 64. Rf5+
Ke7 65. Ng6+ Kd6 66. Rxg5 Rf1 67. Rd5+ Kc6 68. Ne5+ Kb5 69. Nd7 Rc1 70. Kh4 Rc4
71. Kxh5 Rxe4 72. Rxc5+ Kb4 73. Kg5 Rc4 74. Rd5 Kc3 75. Ne5 Ra4 76. Kf5 Rh4 77.
Rc5+ Kb4 78. Rc8 Kb3 79. Nf3 Rb4 80. Ke5 Ra4 81. Nd4+ Ka3 82. Rb8 Ra5+ 83. Ke4
Ka4 84. Rb3 Ra6 85. Rb1 
1-0

[Event "Stjernesommer langsjakk NGP 2018"]
[Site "SK Stjernen, Grünerløkka, Oslo"]
[Date "2018.06.10"]
[Round "5"]
[White "Sidali, Elias Hulleberg"]
[Black "Nilsen, Tobias Lang"]
[Result "1/2-1/2"]
[WhiteElo "2011"]
[BlackElo "2052"]
[PlyCount "49"]
[EventDate "2018.??.??"]

1. d4 f5 2. Nc3 d5 3. Bf4 c6 4. h3 Nf6 5. e3 e6 6. g4 Qb6 7. Rb1 Bb4 8. a3
Bxc3+ 9. bxc3 Qa5 10. Rb3 b6 11. Bd6 Ba6 12. Bb4 Qa4 13. g5 Ne4 14. Qh5+ g6 15.
Qh6 Kf7 16. Bxa6 Nxa6 17. Nf3 c5 18. Bxc5 Naxc5 19. dxc5 Nxc5 20. Ne5+ Kg8 21.
Nxg6 hxg6 22. Qxg6+ Kf8 23. Qf6+ Kg8 24. Qg6+ Kf8 25. Qf6+
1/2-1/2

[Event "Stjernesommer langsjakk NGP 2018"]
[Site "SK Stjernen, Grünerløkka, Oslo"]
[Date "2018.06.10"]
[Round "5"]
[White "Egeland, Finn"]
[Black "Melaa, Sondre Lillestøl"]
[Result "1-0"]
[WhiteElo "2047"]
[BlackElo "2011"]
[PlyCount "75"]
[EventDate "2018.??.??"]

1. e4 e5 2. Nf3 Nc6 3. Bb5 a6 4. Ba4 Nf6 5. O-O Be7 6. Re1 b5 7. Bb3 d6 8. c3
O-O 9. h3 Bb7 10. d4 Re8 11. Nbd2 Bf8 12. a4 h6 13. Bc2 exd4 14. cxd4 Nb4 15.
Bb1 c5 16. d5 Nd7 17. Ra3 f5 18. Nh2 Nf6 19. Rg3 bxa4 20. exf5 Bxd5 21. Ng4
Rxe1+ 22. Qxe1 Nxg4 23. Rxg4 Qe7 24. Ne4 Bxe4 25. Rxe4 Qf7 26. Re6 Ra7 27. Bf4
Nc6 28. Qe4 Nd4 29. Bxd6 Qd7 30. Bxf8 Nxe6 31. fxe6 Qd1+ 32. Kh2 Kxf8 33. Qf5+
Ke7 34. Qf7+ Kd6 35. Qxa7 Kxe6 36. Qxa6+ Ke5 37. Qg6 Qd7 38. f4+
1-0

[Event "Stjernesommer langsjakk NGP 2018"]
[Site "SK Stjernen, Grünerløkka, Oslo"]
[Date "2018.06.10"]
[Round "5"]
[White "Huse, Sigurd Kjelsbøl"]
[Black "Ingebretsen, Jens E"]
[Result "1/2-1/2"]
[WhiteElo "2029"]
[BlackElo "1999"]
[PlyCount "119"]
[EventDate "2018.??.??"]

1. e4 e5 2. Nf3 Nc6 3. Bb5 Nd4 4. Nxd4 exd4 5. O-O Bc5 6. d3 c6 7. Bc4 d5 8.
exd5 cxd5 9. Bb5+ Bd7 10. Bxd7+ Qxd7 11. Nd2 Ne7 12. Nb3 Bb6 13. Bg5 f6 14. Bd2
a5 15. Qh5+ g6 16. Qh6 Nf5 17. Rfe1+ Kf7 18. Qh3 a4 19. Nc1 Rac8 20. c3 a3 21.
Rb1 axb2 22. Rxb2 dxc3 23. Bxc3 Rxc3 24. Rxb6 Re8 25. Qxh7+ Ng7 26. Rf1 Qc8 27.
Qh6 Rh8 28. Rxb7+ Qxb7 29. Qxh8 Qb2 30. Nb3 Qxa2 31. Nd4 Qa4 32. Nf3 Rxd3 33.
h3 Rd1 34. Rxd1 Qxd1+ 35. Kh2 d4 36. Qd8 d3 37. Qd5+ Kf8 38. Qd8+ Ne8 39. h4
Qc2 40. Kh3 Qe2 41. Kh2 Kg8 42. Qd5+ Kh7 43. Qd7+ Ng7 44. h5 gxh5 45. Qd4 Ne8
46. Qf4 Kg6 47. Kg3 Ng7 48. Kh3 Nf5 49. Kh2 Nh6 50. Nh4+ Kg7 51. Qc7+ Nf7 52.
Qg3+ Kf8 53. Qb8+ Ke7 54. Nf5+ Kd7 55. Qb7+ Ke8 56. Qc8+ Nd8 57. Nd6+ Ke7 58.
Nf5+ Ke8 59. Nd6+ Ke7 60. Nf5+ 
1/2-1/2

[Event "Stjernesommer langsjakk NGP 2018"]
[Site "SK Stjernen, Grünerløkka, Oslo"]
[Date "2018.06.10"]
[Round "5"]
[White "Bernstein, Jonas August"]
[Black "Unneland, Mathias"]
[Result "0-1"]
[WhiteElo "1651"]
[BlackElo "1946"]
[PlyCount "84"]
[EventDate "2018.??.??"]

1. d4 Nf6 2. c4 g6 3. Nc3 Bg7 4. Nf3 O-O 5. g3 d6 6. Bg2 c5 7. O-O e6 8. e4
Nfd7 9. Nb5 cxd4 10. Nfxd4 Nb6 11. Qd3 N8d7 12. b3 a6 13. Nc3 Nc5 14. Qd1 Bd7
15. Be3 Qe7 16. Qd2 Rad8 17. Rad1 f5 18. f4 e5 19. Nde2 Bc6 20. Nd5 Bxd5 21.
Bxc5 dxc5 22. exd5 e4 23. Kh1 Na8 24. Ng1 Nc7 25. Nh3 Ne6 26. Qa5 Nd4 27. Rxd4
cxd4 28. Ng5 Rf6 29. b4 h6 30. Ne6 Rxe6 31. dxe6 Rd6 32. g4 Qxe6 33. gxf5 Qxc4
34. fxg6 Rxg6 35. Qf5 Rxg2 36. Kxg2 e3 37. Qe4 Qxa2+ 38. Kf3 Qf7 39. f5 Qh5+
40. Qg4 Qxg4+ 41. Kxg4 e2 42. Rc1 d3 
0-1

[Event "Stjernesommer langsjakk NGP 2018"]
[Site "SK Stjernen, Grünerløkka, Oslo"]
[Date "2018.06.10"]
[Round "5"]
[White "Midtstue, Lasse"]
[Black "Kittilsen, Sigurd"]
[Result "1/2-1/2"]
[WhiteElo "1772"]
[BlackElo "1889"]
[PlyCount "95"]
[EventDate "2018.??.??"]

1. Nf3 c5 2. b3 d6 3. Bb2 e5 4. e4 Nf6 5. d3 Be7 6. Be2 Nc6 7. O-O O-O 8. Nbd2
h6 9. Nc4 Be6 10. Nfd2 b5 11. Ne3 d5 12. exd5 Nxd5 13. Nxd5 Bxd5 14. f4 exf4
15. Rxf4 Bg5 16. Rf1 Nd4 17. Bxd4 cxd4 18. Bf3 Be3+ 19. Kh1 Bxd2 20. Qxd2 Rc8
21. a4 b4 22. Rae1 Rc3 23. Re5 Be6 24. Bd1 Qc7 25. Qf4 Rd8 26. Re2 Qxf4 27.
Rxf4 g5 28. Rff2 Bg4 29. Re1 Bxd1 30. Rxd1 Rdc8 31. Rdd2 Rxb3 32. h4 Ra3 33.
hxg5 Rxa4 34. gxh6 Ra6 35. h7+ Kg7 36. Rf4 Rh6+ 37. Kg1 Rd8 38. Rdf2 f6 39. g4
Kxh7 40. Rxf6 Rxf6 41. Rxf6 Rc8 42. Ra6 Rxc2 43. Rxa7+ Kg6 44. Rb7 Rb2 45. Rd7
Rc2 46. Rb7 Rb2 47. Rd7 Rc2 48. Rb7 
1/2-1/2